Metodologija projektirovanija AIS konstruktorsko-technologičeskogo naznačenija

Uložené v:
Podrobná bibliografia
Hlavný autor: Dovnar, Nina Aleksandrovna
Ďalší autori: Zema, Tat'jana Gavrilovna, Jarmoš, Nikolaj Adamovič
Médium: Kniha
Jazyk:Russian
Vydavateľské údaje: Minsk Nauka i technika 1986
Vydanie:1. izd.
Tagy: Pridať tag
Žiadne tagy, Buďte prvý, kto otaguje tento záznam!

MARC

LEADER 00000nam a2200000 4500
001 c030397
005 20230221070859.4
041 0 |a rus 
044 |a BY 
245 1 0 |a Metodologija projektirovanija AIS konstruktorsko-technologičeskogo naznačenija  |c Nina Aleksandrovna Dovnar, Tat'jana Gavrilovna Zema, Nikolaj Adamovič Jarmoš 
250 |a 1. izd. 
264 1 |a Minsk  |b Nauka i technika  |c 1986 
300 |a 190 s. 
100 1 |a Dovnar, Nina Aleksandrovna 
700 1 |a Zema, Tat'jana Gavrilovna 
700 1 |a Jarmoš, Nikolaj Adamovič